| 000 | 00640nam a2200217 a 4500 | ||
|---|---|---|---|
| 005 | 20140310183443.0 | ||
| 008 | 080909s19uu xx 00 eng d | ||
| 020 | _a0132050293 | ||
| 050 |
_aT 8.6 _b.M4239 2007 |
||
| 100 | _aMcLeod, Raymond Jr. | ||
| 245 | _aManagement information systems. / | ||
| 250 | _a10th ed. | ||
| 260 |
_aUpper Saddle River, New Jersey : _bPearson Education Inc, _c2007. |
||
| 300 |
_a447 p; _bill. ; _c26 cm. |
||
| 440 | _aPearson International ed. | ||
| 650 | _aComputer Studies. | ||
| 650 | _aManagement information systems. | ||
| 700 | _aSchell, George P. | ||
| 942 |
_cBK _2lcc _kFOR |
||
| 999 |
_c23166 _d23166 |
||